000 02648nam0a2200421 4500
001 RU\NLR\BIBL_A\022636231
005 20260420054340.0
010 _a978-5-6053238-4-6
_9167
021 _aRU
_bАЛ-П-25-00731и
_9АЛ-П-25-0151
035 _a(NLR Aleph) 022636231
090 _a13685053
_c13685053
100 _a20251003d2025 u y0rusy50 ca
101 0 _arus
102 _aRU
105 _aac z 011yd
181 0 _ai2
_baxxe
181 0 _ab2
_bbb2e
182 0 _an
200 1 _aГород Н. Путь к Победе
_eальбом фотографий военной поры из собрания Нижнетагильского музея-заповедника "Горнозаводской Урал", посвящается 80-летию Победы в Великой Отечественной войне 1941-1945 гг.
_fавторский коллектив: А. Х. Фахретденова, редактор, заслуженный работник культуры РФ, Д. М. Симонова, С. В. Старков
_gиспользованы фотографии И. С. Колесова [и др.]
_gМБУК "Нижнетагильский музей-заповедник "Горнозаводской Урал"
203 _aТекст
_aИзображение
_bвизуальные
_cнепосредственный
210 _aНижний Тагил
_c[б. и.]
_d2025
_gтипография "Репринт" ("Онлайн-сервис")
215 _a410, [2] с.
_cил., цв. ил., портр.
_d22x33
300 _aНа обл. подзаг.: альбом фотографий военной поры
300 _aАвт. указаны на обороте тит. с.
300 _aНа корешке и с. 4: Победа! 80
320 _aУказ. имен: с. 399-410
606 1 _aВеликая Отечественная война
_jФотоальбомы
_yНижний Тагил, город (Свердловская область)
_z1941 - 1945
_92602448
_3RU\NLR\AUTH\661539006
686 1 _aТ3(2)722.9-9(2Р-4Св-2НТ)я61
686 1 _aЦ35(2)722(2Р-4Св-2НТ)я61
700 1 _aФахретденова
_bА. Х.
_gАльфия Хусаиновна
701 1 _aСимонова
_bД. М.
701 1 _aСтарков
_bС. В.
_gСергей Валерьевич
712 0 2 _4570
_a"Горнозаводской Урал", нижнетагильский музей-заповедник
_9687766
_3RU\NLR\AUTH\8810093287
942 _cBOOK
980 _aNB